Paran: Yogik dristikon se (Record no. 396145)

MARC details
000 -LEADER
fixed length control field 00533 a2200217 4500
005 - DATE & TIME
control field 20260512165029.0
008 - FIXED-LENGTH DATA ELEMENTS--GENERAL INFORMATION
fixed length control field 260512b |||||||| |||| 00| 0 eng d
020 ## - ISBN
International Standard Book Number 9789367296189
Price Rs. 750.00
040 ## - CATALOGING SOURCE
Original cataloging agency VIVEKANANDA LIBRARY
082 ## - DDC NUMBER
Classification number 294.5436
Book Number P969P
100 ## - MAIN ENTRY--PERSONAL NAME
Personal name Punia, Suman
245 ## - TITLE STATEMENT
Title Paran: Yogik dristikon se
260 ## - PUBLICATION, DISTRIBUTION, ETC. (IMPRINT)
Name of publisher, distributor, etc Indu Book Services
Date of publication, distribution, etc 2025
Place of publication, distribution, etc New Delhi
300 ## - PHYSICAL DESCRIPTION
Pages v, 148
650 ## - Subject
Subject Yoga
650 ## - Subject
Subject Hinduism
650 ## - Subject
Subject Pranajama
650 ## - Subject
Subject Yogic Breathing
700 ## - Added Entry Personal Name
Added Entry Personal Name Arya, Somveer
942 ## - ADDED ENTRY ELEMENTS (KOHA)
Koha item type Books
Holdings
Withdrawn status Lost status Source of classification or shelving scheme Damaged status Not for loan Location (home branch) Sublocation or collection (holding branch) Shelving location Date acquired Koha issues (times borrowed) Koha full call number Accession No. Koha date last seen Koha item type
    Dewey Decimal Classification     VIVEKANANDA LIBRARY VIVEKANANDA LIBRARY Vivekananda Library 28/01/2026   294.5436 P969P 444925 28/01/2026 Books
    Dewey Decimal Classification     VIVEKANANDA LIBRARY VIVEKANANDA LIBRARY Vivekananda Library 28/01/2026   294.5436 P969P 444924 28/01/2026 Books
© Designed and Maintained by Vivekananda Library, MDU Rohtak